000 00313nam a2200133 i 4500
001 bg
100 1 _aZDERKIEWICZ, Józef
245 0 _aO majorantach wypukłych /
_cJózef Zderkiewicz.
260 _aLublin,
_c1978.
040 _cBPK
041 _apol
942 _cKS
008 s pl f |000 0 pol
999 _c18514
_d18514
856 _uhttp://koha.tu.koszalin.pl/cgi-bin/koha/opac-detail.pl?biblionumber=18514
_yKatalog online BPK